Catálogo público

Gestión ambiental y planificación del desarrollo : (Record no. 218502)

MARC details
000 -CABECERA
campo de control de longitud fija 03286nam a2200361 a 4500
003 - IDENTIFICADOR DEL NÚMERO DE CONTROL
campo de control CHAP
005 - FECHA Y HORA DE LA ÚLTIMA TRANSACCIÓN
campo de control 20230419133029.0
007 - CAMPO FIJO DE DESCRIPCIÓN FÍSICA--INFORMACIÓN GENERAL
campo de control de longitud fija ta
008 - DATOS DE LONGITUD FIJA--INFORMACIÓN GENERAL
campo de control de longitud fija 230303s2013 mx abd|f |||| 001 0 spa d
020 ## - NÚMERO INTERNACIONAL ESTÁNDAR DEL LIBRO
Número Internacional Estándar del Libro 978-958-648-789-4
040 ## - FUENTE DE LA CATALOGACIÓN
Centro catalogador/agencia de origen mxchpua
Centro/agencia transcriptor CHAP
Normas de descripción rda
050 10 - SIGNATURA TOPOGRÁFICA DE LA BIBLIOTECA DEL CONGRESO
Número de clasificación GE320.C7
Número de documento/Ítem .A94 2013
082 00 - NÚMERO DE LA CLASIFICACIÓN DECIMAL DEWEY
Número de edición 20
Número de clasificación 333.7
Número de documento/Ítem A94 2013
100 1# - ENTRADA PRINCIPAL--NOMBRE DE PERSONA
9 (RLIN) 155953
Nombre de persona Avellaneda Cusaría, José Alfonso
245 10 - MENCIÓN DE TÍTULO
Título Gestión ambiental y planificación del desarrollo :
Resto del título el sujeto ambiental y los conflictos ecológicos distributivos /
Mención de responsabilidad, etc. José Alfonso Avellaneda Cusaría
250 ## - MENCIÓN DE EDICIÓN
Mención de edición 3a edición
264 ## - PRODUCCIÓN, PUBLICACIÓN, DISTRIBUCIÓN, FABRICACIÓN Y COPYRIGHT
Producción, publicación, distribución, fabricación y copyright México :
Nombre del de productor, editor, distribuidor, fabricante ECOE Ediciones,
Fecha de producción, publicación, distribución, fabricación o copyright 2013
300 ## - DESCRIPCIÓN FÍSICA
Extensión xxiv, 365 páginas :
Otras características físicas ilustraciones, mapas, gráficas, diagramas, tablas
336 ## - TIPO DE CONTENIDO
Fuente rdacontent
Término de tipo de contenido texto
Código de tipo de contenido txt
337 ## - TIPO DE MEDIO
Fuente rdamedia
Nombre/término del tipo de medio sin medio
Código del tipo de medio n
338 ## - TIPO DE SOPORTE
Fuente rdacarrier
Nombre/término del tipo de soporte volumen
Código del tipo de soporte nc
490 1# - MENCIÓN DE SERIE
Mención de serie Ingeniería y salud en el trabajo. Ingeniería ambiental
504 ## - NOTA DE BIBLIOGRAFÍA, ETC.
Nota de bibliografía, etc. Bibliografía: páginas 357-358
505 ## - NOTA DE CONTENIDO CON FORMATO
Nota de contenido con formato CONTENIDO: Entropía y modernidad - El camino hacia el umbral entrópico - ¿La modernidad replegada? - Gestión ambiental y sustentabilidad - La gestión ambiental y la planificación del desarrollo - Problemas ambientales de los ecosistemas colombianos - El medio ambiente y el sector productivo - Manejo integral de residuos sólidos industriales - Salud, industria y medio ambiente - Agricultura orgánica: una alternativa de desarrollo conservando el medio ambiente - Diplomacia y negocios ambientales internacionales - El sujeto ambiental y los conflictos ecológicos distributivos - El sujeto ambiental - La construcción de vías en el bosque húmedo tropical del pacífico colombiano: crisis de gobernabilidad - La actualidad de la lucha por el derecho al agua - Bogotá y sus influencias ambientales - Ensayos ambientales sobre educación y cultura.
520 ## - SUMARIO, ETC.
Sumario, etc. En la Tercera Edición de este texto se amplía el análisis de los procesos que están dando lugar al surgimiento del sujeto ambiental como actor político, teniendo como referentes la Minga indígena, la movilización social por la defensa del Páramo de Santurban contra la minería de oro; las movilizaciones campesinas y populares contra la represa del Quimbo, que afecta gravemente el río Magdalena, la resistencia contra la minería de oro en Cajamarca y el triunfo de la movilización local contra la Planta de Ecopetrol en Villa de Leyva.<br/>También se analizan las principales movilizaciones en América Latina, en países como Brasil, Perú y Bolivia. Se cuestiona la Economía Verde u otras facetas igualmente engañosas que esconden intereses de transnacionales de la energía, la farmacopea, los alimentos y el mercado del carbono. Esperamos que estas reflexiones sirvan a los lectores y estudiosos de la problemática ambiental a todos los niveles para adentrarse en el conocimiento de la ecología política, la economía ecológica y la historia ambiental.
650 10 - PUNTO DE ACCESO ADICIONAL DE MATERIA--TÉRMINO DE MATERIA
Término de materia o nombre geográfico como elemento de entrada Administración ambiental
Subdivisión geográfica Colombia
9 (RLIN) 155955
650 17 - PUNTO DE ACCESO ADICIONAL DE MATERIA--TÉRMINO DE MATERIA
9 (RLIN) 32082
Término de materia o nombre geográfico como elemento de entrada Desarrollo sustentable
Subdivisión geográfica Colombia
650 13 - PUNTO DE ACCESO ADICIONAL DE MATERIA--TÉRMINO DE MATERIA
9 (RLIN) 155957
Término de materia o nombre geográfico como elemento de entrada Política ambiental
Subdivisión geográfica Colombia
650 13 - PUNTO DE ACCESO ADICIONAL DE MATERIA--TÉRMINO DE MATERIA
9 (RLIN) 186307
Término de materia o nombre geográfico como elemento de entrada Environmental stewardship
Subdivisión geográfica Colombia
650 13 - PUNTO DE ACCESO ADICIONAL DE MATERIA--TÉRMINO DE MATERIA
9 (RLIN) 155933
Término de materia o nombre geográfico como elemento de entrada Environmental policy
Subdivisión geográfica Colombia
650 13 - PUNTO DE ACCESO ADICIONAL DE MATERIA--TÉRMINO DE MATERIA
9 (RLIN) 161518
Término de materia o nombre geográfico como elemento de entrada Sustainable development
Subdivisión geográfica Colombia
942 ## - ELEMENTOS DE PUNTO DE ACCESO ADICIONAL (KOHA)
Fuente del sistema de clasificación o colocación Dewey Decimal Classification
Tipo de ítem Koha
Holdings
Estado de retiro Estado de pérdida Fuente del sistema de clasificación o colocación Estado dañado Restricciones de uso No para préstamo Código de colección Localización permanente Ubicación/localización actual Fecha de adquisición Fuente de adquisición Número de inventario Total de préstamos Signatura topográfica completa Código de barras Fecha visto por última vez Número de copia Precio válido a partir de Tipo de ítem Koha Renovaciones totales Fecha del último préstamo
    Dewey Decimal Classification   Préstamo interno   General Ingenieria Agroindustrial Ingenieria Agroindustrial 18/11/2022 Compra ECOE Ediciones F. 3331 Consumo   333.7 A94 2013 1102014397 03/03/2023 Ej. 1 03/03/2023 Libro    
    Dewey Decimal Classification   Préstamo 5 días   General Ingenieria Agroindustrial Ingenieria Agroindustrial 18/11/2022 Compra ECOE Ediciones F. 3331 Consumo 2 333.7 A94 2013 1102014398 14/12/2023 Ej. 2 06/03/2023 Libro 2 18/10/2023